| 000 | 00689nam a2200265Ia 4500 | ||
|---|---|---|---|
| 001 | Para_9455 | ||
| 003 | CHAP | ||
| 005 | 20230315132906.0 | ||
| 008 | 220125s1999 xx 000 0 und d | ||
| 010 | _a208140 | ||
| 040 | _cCHAP | ||
| 082 | _a519.52 L64 | ||
| 100 |
_aLohr, Sharon L. _967483 |
||
| 245 |
_aMuestreo : _b diseño y análisis |
||
| 260 |
_aMéxico, D.F. : _b Thomson Editores |
||
| 300 | _a480 p. | ||
| 503 | _aC/e (ej.1) \ C/e (ej.2) | ||
| 650 |
_aMuestreo estadístico _979288 |
||
| 901 | _a519.52 L64 | ||
| 902 | _aM | ||
| 905 | _a0000001999 n 0000000000 00 | ||
| 910 | _a1999 | ||
| 942 |
_cPARA _2ddc |
||
| 942 |
_cPARA _2ddc |
||
| 999 |
_c208140 _d208140 |
||